000 00538nam a2200193 a 4500
020 _a0801438829
090 _aLB
_b04729
041 _aeng
100 _aPearson, David L.
_992341
245 _aTiger beetles
_bthe evolution, ecology, and diversity of the cicindelids
260 _aIthaca
_bCornell University
_c2001
300 _a333 p.
650 _aEscarabajos
_992342
650 _aDescripción de la especie
_97419
650 _aTaxonomía
_992343
700 _aVogler, Alfried P.
_992344
942 _cIMPRESO
945 _d2006-12-11
999 _c5430
_d5430